000 00453nam a2200181Ia 4500
001 23585
005 20260414150947.0
008 260414t2017||||xx |||||||||||||| ||spa||
041 _aESP
082 _a670.42
_bC93
100 _aCuatrecasas, Lluís
_eAUT
245 0 _aIngeniería de procesos y de planta :
_bingeniería lean
260 _c2017
300 _a415 páginas :
_c24 cm.
650 _aTCA
654 _aCII
942 _cLIB
_dJUS
_fJUS
_2ddc
_n
999 _c23585
_d23585